000 00927nam a2200193 a 4500
001 001162199
003 AM-YeHGA
005 20250617162724.0
008 160707s1895 ru |||||||||||||||||rus|c
040 _aAM-YeHGA
041 0 _arus
100 1 _aСеменов, Н.
245 1 0 _aТуземцы Северо-восточного Кавказа :
_b(Разсказы, очерки, исследования, заметки о чеченцах, кумыках и ногайцах и образцы поэзии этих народцев).
260 _aС.-Петербург :
_bТип. А. Хомского и К°,
_c1895.
300 _aXVIII, 487 с. ;
_c22 см.
650 1 4 _aХудожественная литература
_zКавказ
650 1 4 _aЭтнографическо-исторические исследования
_xФольклор
_zСеверо-восточный Кавказ
090 _c498024
999 _c494635
_d494635